[Event "Kolomna-ch sf-A 58th"]
[Site "Kolomna"]
[Date "2007.11.19"]
[Round "11"]
[White "Razumovskiy, Aleksandr"]
[Black "Suhov, Anatoliy"]
[Result "0-1"]
[WhiteElo "2054"]
[BlackElo "2189"]
[PlyCount "46"]
[EventDate "2007.10.11"]
[EventType "tourn"]
[EventRounds "11"]
[EventCountry "RUS"]
[SourceTitle "EXT 2022"]
[Source "ChessBase"]
[SourceDate "2021.10.06"]
[SourceVersion "1"]
[SourceVersionDate "2021.10.06"]
[SourceQuality "1"]

1. d4 Nf6 2. Nf3 d5 3. c4 e6 4. e3 Be7 5. Nc3 b6 6. Bd3 Bb7 7. 0-0 0-0 8. Qe2 Nbd7 9. Ne5 Nxe5 10. dxe5 Ne4 11. Bd2 Nxd2 12. Qxd2 dxc4 13. Bxh7+ Kxh7 14. Qe2 Bb4 15. Qh5+ Kg8 16. Rad1 Qe7 17. Rd4 f5 18. Rh4 Qe8 19. Qh7+ Kf7 20. Qh5+ Ke7 21. Qg5+ Kd7 22. Rd1+ Kc8 23. Ne2 Be7 0-1

[Event "Kolomna-ch sf-A 58th"]
[Site "Kolomna"]
[Date "2007.10.25"]
[Round "5"]
[White "Polikushin, Viktor"]
[Black "Suhov, Anatoliy"]
[Result "1-0"]
[WhiteElo "1969"]
[BlackElo "2189"]
[PlyCount "139"]
[EventDate "2007.10.11"]
[EventType "tourn"]
[EventRounds "11"]
[EventCountry "RUS"]
[SourceTitle "EXT 2022"]
[Source "ChessBase"]
[SourceDate "2021.10.06"]
[SourceVersion "1"]
[SourceVersionDate "2021.10.06"]
[SourceQuality "1"]

1. Nf3 d5 2. d4 Nf6 3. Nc3 e6 4. Ne5 Nbd7 5. Bg5 Be7 6. Nxd7 Bxd7 7. e3 0-0 8. Bd3 Rc8 9. 0-0 c5 10. dxc5 Rxc5 11. Ne2 Rc8 12. c3 Ne4 13. Bxe7 Qxe7 14. Bxe4 dxe4 15. Qd4 Bb5 16. Rfe1 Rfd8 17. Qxe4 Rd2 18. Nd4 Bd3 19. Qe5 Rxb2 20. e4 Qc7 21. Qxc7 Rxc7 22. f3 Rxc3 23. Re3 e5 24. Nb3 Re2 25. Rxe2 Bxe2 26. Kf2 Rc2 27. Ke3 Kf8 28. a4 b6 29. a5 b5 30. h4 Ke7 31. h5 h6 32. a6 Kd6 33. Na5 Kc5 34. Nb7+ Kb6 35. Nd6 Rc6 36. Ne8 Rc8 37. Nxg7 Rg8 38. Kf2 Rxg7 39. Kxe2 Rxg2+ 40. Kd3 Rh2 41. Rg1 Kxa6 42. Rg7 Rxh5 43. Rxf7 Kb6 44. Rf6+ Kb7 45. Rf7+ Kb6 46. Rf6+ Kc5 47. Ra6 Rh3 48. Ke2 Kd4 49. Rxa7 Rh2+ 50. Kd1 b4 51. Rb7 Kc3 52. Rc7+ Kd3 53. Rd7+ Ke3 54. Rb7 Kxf3 55. Rxb4 Ke3 56. Ra4 h5 57. Rb4 Kd3 58. Rb3+ Kxe4 59. Rb4+ Kf3 60. Rb3+ Kf4 61. Rb4+ e4 62. Ke1 Kf3 63. Rb8 h4 64. Rf8+ Ke3 65. Kf1 h3 66. Kg1 Ra2 67. Kh1 Rd2 68. Rh8 Kd3 69. Rd8+ Ke2 70. Re8 1-0

[Event "Kolomna-ch sf-A 58th"]
[Site "Kolomna"]
[Date "2007.10.18"]
[Round "3"]
[White "Manuylov, Viktor"]
[Black "Suhov, Anatoliy"]
[Result "0-1"]
[WhiteElo "1969"]
[BlackElo "2189"]
[PlyCount "55"]
[EventDate "2007.10.11"]
[EventType "tourn"]
[EventRounds "11"]
[EventCountry "RUS"]
[SourceTitle "EXT 2022"]
[Source "ChessBase"]
[SourceDate "2021.10.06"]
[SourceVersion "1"]
[SourceVersionDate "2021.10.06"]
[SourceQuality "1"]

1. e4 e5 2. Nf3 Nc6 3. Bb5 a6 4. Bxc6 dxc6 5. 0-0 Bd6 6. d4 Bg4 7. dxe5 Bxf3 8. Qxf3 Bxe5 9. Rd1 Qe7 10. Qg4 Nf6 11. Qh3 Nxe4 12. Re1 Rd8 13. Qe3 f5 14. c3 Bd6 15. b4 Kf7 16. Nd2 Nxc3 17. Nf3 Qxe3 18. Rxe3 Ne4 19. Bb2 Rhe8 20. a3 h6 21. Rae1 Nf6 22. Ne5+ Bxe5 23. Rxe5 Rxe5 24. Bxe5 Re8 25. Kf1 Nd5 26. f4 g5 27. g3 Ra8 28. Rd1 0-1